000 01166nam a2200385 c 4500
001 4674
003 ES-MaCES
005 20141221121733.0
008 961002s1995 sp ||| | spa d
017 _aB. 117-1995
_bDL
020 _a8474236851
035 _aCES19980047102m
040 _aES-MaCES
_bspa
_cES-MaCES
100 1 _aTilly, Charles
_924913
245 1 4 _aLas revoluciones europeas, 1492-1992
_cCharles Tilly
260 _aBarcelona
_bCrítica (Grijalbo Mondadori)
_cD.L. 1995
300 _a319 p.
_c23 cm
490 1 _aLa construcción de Europa
504 _aBibliografía: p. 302-309. Indice
541 _cCompra
650 4 _arevolución
_929389
650 4 _aconflicto social
_927307
650 4 _aconflicto armado
_930364
650 4 _aguerra civil
_926697
650 4 _acambio social
_927286
650 4 _amovimiento político
_929901
650 4 _aproblema político
_927244
650 4 _aEuropa
_926940
650 4 _a1492-1992
_931164
653 1 0 _aCiencias Sociales-Políticas
830 3 _aLa construcción de Europa
_932727
902 _aLIB Libro
942 _2CES
_cBK
_h7.0.
999 _c4674
_d4674